000
00192nam a2200073Ia 4500
008
170524s9999 xx 000 0 und d
100
_a
KUCHHEL- M.C
245
0
_a
BUSINESS LEGISLATION FOR MANAGEMENT
260
_b
VIKAS PUB.HOUSE
999
_c
8207
_d
8207